1672 1935 1921 1645 1524 1327 1414 1508 1633 1473 1691 1415 1559 1934 1304 1554 1116 1282 1318 1721 1691 1258 1885 1806 1933 1238 1399 1588 1032 1551 1813 1312 1594 1968 1522 1755 1736 1317 1780 1138 1403 1336 1029 1761 1446 1399 1417 1188 1305 1925 1844 1039 1693 1199 1480 1185 1714 1685 1446 1806 1758 1151 1915 1186 1496 1046 1790 1919 1443 1956 1456 1806 1662 1914 1937 2000 1924 1870 1491 1058 1166 1326 1191 1439 1362 1557 1535 1988 1854 1303 1620 1485 1453 1381 1409 1931 1545 1532 1501 BCNSPRNW ULIB Ver.6.0+V

เปลี่ยนเป็นภาษาไทย

Change to English
 แสดงรายละเอียดบรรณานุกรม
  กลับหน้าหลัก

Brief Record : Get Marc (ISO 2709) : E-mail record : QR code < ปิดหน้าต่าง
LEADER : 00000nam 2200000uu 4500
001    13399112903
003     ULIB
008    110916s2553||||th 000 0 tha d
020    9786165000345
090    นว.^bณ429ต 2553
100 0  ณารา
245 00 ตราบสิ้นสิเน่หา/^cณารา
250    พิมพ์ครั้งที่ 2
260    กรุงเทพฯ :^bพิมพ์คำ,^c2553
300    488 หน้า
945    ^p290^l0^i17001
995    กัณชพร
999    ^aใช้งานได้ทุกระบบ
รายการนี้ยังไม่มีแท็ก
คุณยังไม่ได้ล็อกอิน คุณสามารถมีกิจกรรมร่วมกับเว็บไซต์ได้ แต่ต้องล็อกอินก่อน ::
  ล็อกอิน

รายการสื่อสารสนเทศ

ลำดับที่ ประเภท เลขเรียก/บาร์โค้ด สถานที่ สถานะ
1. นวนิยาย
นวนิยาย
นว. ณ429ต 2553  
  Barcode: 17001
ห้องสมุดวิทยาเขตสวรรค์ประชารักษ์
►นวนิยาย
บนชั้น
  ขอยืม

รายการใกล้เคียง
    ผู้แต่ง [ณารา]

BibComment


ยังไม่เคยถูกคอมเมนท์

คอมเมนท์ทรัพยากรรายการนี้
  คอมเมนท์: ตราบสิ้นสิเน่หา ณ..


 Copyright 2026. Bcnsprnw @Library